000 nam a22 7a 4500
999 _c10108
_d10108
008 180212b ||||| |||| 00| 0 eng d
100 _aGupta, S
_96127
245 _aAcademic General knowledge matters for class - VIII
260 _aNew Delhi
_bAmanda Publication